|
|
|
|
| LEADER |
00000nab a2200000ua 4500 |
| 001 |
vtls010792333 |
| 003 |
SK-MaSNL |
| 005 |
20260303210257.0 |
| 008 |
230222s2008 xo |||||||||||||||||eng| |
| 035 |
|
|
|a (urnnbn)urn:nbn:sk:snk:ar-a04hcr
|
| 035 |
|
|
|a (uuid)723d383e-b857-459d-8d33-29bf26189b72
|
| 035 |
|
|
|a urn:nbn:sk:snk-ab4slf
|
| 040 |
|
|
|a SNKBUCL
|b slo
|c SNKBUCL
|e AACR2
|
| 041 |
0 |
|
|a eng
|
| 044 |
|
|
|a xo
|c SK
|
| 100 |
1 |
|
|a Ušák, E.
|4 aut
|9 809317
|
| 245 |
1 |
0 |
|a NEW NANOCRYSTALLINE MATERIALS FOR POWER ELECTRONICS APPLICATIONS
|c E. Ušák, J. Bydžovský, J. Kuchta, P. Švec
|
| 700 |
1 |
|
|a Bydžovský, Ján,
|d 1944-
|4 aut
|9 235881
|
| 700 |
1 |
|
|a Kuchta, J.
|4 aut
|9 488229
|
| 700 |
1 |
|
|a Švec, Pavol,
|d 1963-
|4 aut
|9 7398
|
| 773 |
0 |
|
|t Advances in electrical and electronic engineering
|g Roč. 7, č. 1-2 (2008), s. 398-400
|
| 958 |
|
|
|a OND
|
| 958 |
|
|
|a EUIPO
|
| 958 |
|
|
|a article3
|
| 999 |
|
|
|c 2199550
|d 2201480
|